| 000 -LEADER |
| fixed length control field |
00768cam a2200241 a 4500 |
| 001 - CONTROL NUMBER |
| control field |
15362 |
| 003 - CONTROL NUMBER IDENTIFIER |
| control field |
BD-DhUAP |
| 005 - DATE AND TIME OF LATEST TRANSACTION |
| control field |
20210119100106.0 |
| 008 - FIXED-LENGTH DATA ELEMENTS--GENERAL INFORMATION |
| fixed length control field |
200129t20081984ii b 001 0beng |
| 010 ## - LIBRARY OF CONGRESS CONTROL NUMBER |
| LC control number |
83238059 |
| 040 ## - CATALOGING SOURCE |
| Original cataloging agency |
DLC |
| Transcribing agency |
DLC |
| Modifying agency |
BD-DhUAP |
| 082 ## - DEWEY DECIMAL CLASSIFICATION NUMBER |
| Classification number |
347.4202534 LOR |
| Edition number |
23 |
| 245 10 - TITLE STATEMENT |
| Title |
Lord Denning : |
| Remainder of title |
the judge and the law / |
| Statement of responsibility, etc. |
Edited by J. L. Jowell and J. P. W. B. McAuslan. |
| 260 ## - PUBLICATION, DISTRIBUTION, ETC. |
| Place of publication, distribution, etc. |
New Delhi : |
| Name of publisher, distributor, etc. |
Universal, |
| Date of publication, distribution, etc. |
c1984 [Reprinted 2008]. |
| 300 ## - PHYSICAL DESCRIPTION |
| Extent |
xxxv, 486 pages ; |
| Dimensions |
26 cm. |
| 500 ## - GENERAL NOTE |
| General note |
Includes indexes. |
| 600 10 - SUBJECT ADDED ENTRY--PERSONAL NAME |
| Personal name |
Denning, Alfred Thompson Denning, |
| Titles and other words associated with a name |
Baron, |
| Dates associated with a name |
1899-1999. |
| 650 #0 - SUBJECT ADDED ENTRY--TOPICAL TERM |
| Topical term or geographic name entry element |
Law |
| Geographic subdivision |
Great Britain. |
| 650 #0 - SUBJECT ADDED ENTRY--TOPICAL TERM |
| Topical term or geographic name entry element |
Judges |
| Geographic subdivision |
Great Britain |
| Form subdivision |
Biography. |
| 700 1# - ADDED ENTRY--PERSONAL NAME |
| Personal name |
Jowell, J. L. |
| 700 1# - ADDED ENTRY--PERSONAL NAME |
| Personal name |
McAuslan, J. P. W. B. |
| 942 ## - ADDED ENTRY ELEMENTS (KOHA) |
| Source of classification or shelving scheme |
|
| Koha item type |
Book |